000 00689cam a2200229u 4500
999 _c22300
_d22300
001 7976238
003 BDDh-ASL
005 20231015030120.0
008 820922m19621963ii 000 0 eng
010 _asa 63002261
040 _aDLC
_cCarP
_dDLC
_dBDDh-ASL
043 _aa-ii---
050 0 0 _aDS446.3
_b.M35
082 _a954
_bMAH
100 1 _aMajumdar, R. C.
_q(Ramesh Chandra),
_d1888-1980.
245 1 0 _aHistory of the freedom movement in India, Vol.-2 /
260 _aCalcutta :
_bFirma K. L. Mukhopadhyay,
_c1962-63.
300 _av-2, 592 p. :
_c22 cm.
650 0 _aNationalism
_zIndia
_xHistory.
906 _a0
_bcbc
_cpremunv
_du
_encip
_f19
_gy-gencatlg
942 _2ddc
_cBK